[Event "26th Capablanca Memorial"]
[Site "Cienfuegos City CUB"]
[Date "1991.05.??"]
[Round "8"]
[White "Antunes, Antonio"]
[Black "Murshed, Niaz"]
[Result "0-1"]
[WhiteElo "2460"]
[BlackElo "2510"]
[EventDate "1991.05.09"]
[PlyCount "76"]

1.e4 e5 2.Nf3 Nc6 3.Bb5 a6 4.Ba4 Nf6 5.O-O Be7 6.Re1 b5 7.Bb3 O-O 8.c3 d5 
9.exd5 e4 10.dxc6 exf3 11.d4 fxg2 12.Bg5 Bg4 13.Qd3 Re8 14.Nd2 Nh5 15.Nf3 
Bf6 16.Re5 Qd6 17.Qe4 Be6 18.Bc2 g6 19.Bxf6 Nxf6 20.Qh4 Bd5 21.Rxe8+ Rxe8 
22.Ne5 Bxc6 23.Re1 Bd5 24.Re3 Kg7 25.Bb3 Nh5 26.Bxd5 Qxd5 27.b3 f6 28.c4 
bxc4 29.Nxc4 Rxe3 30.fxe3 Qf3 31.Qf2 Qe4 32.h3 f5 33.Qxg2 Qb1+ 34.Kh2 f4 
35.exf4 Nxf4 36.Qf2 g5 37.Kg3 Qh1 38.Qe3 Qg2# 0-1

[Event "26th Capablanca Memorial"]
[Site "Cienfuegos City CUB"]
[Date "1991.05.??"]
[Round "8"]
[White "Sariego Figueredo, Wilfredo"]
[Black "Romero Holmes, Alfonso"]
[Result "1-0"]
[WhiteElo "2420"]
[BlackElo "2485"]
[EventDate "1991.05.09"]
[PlyCount "47"]

1.e4 c5 2.c3 e6 3.Nf3 Nc6 4.Bb5 Qb6 5.Ba4 Nge7 6.O-O f5 7.e5 Qc7 8.d4 a6 
9.Na3 cxd4 10.cxd4 Qb8 11.Nc4 Nd5 12.Bb3 b5 13.Ne3 Nxe3 14.Bxe3 Na5 15.d5 
Be7 16.Bg5 Qb6 17.Bxe7 Kxe7 18.d6+ Kf8 19.Rc1 Nxb3 20.axb3 g6 21.Rc7 b4 
22.Qc1 Kg7 23.Qc4 Rf8 24.Ng5 1-0

[Event "26th Capablanca Memorial"]
[Site "Cienfuegos City CUB"]
[Date "1991.05.??"]
[Round "8"]
[White "Borges Matos, Juan"]
[Black "Armas, Jorge"]
[Result "1/2-1/2"]
[WhiteElo "2385"]
[BlackElo "2395"]
[EventDate "1991.05.09"]
[PlyCount "71"]

1.c4 e5 2.Nc3 Nf6 3.g3 d5 4.cxd5 Nxd5 5.Bg2 Nb6 6.b3 Be7 7.Bb2 O-O 8.Rc1 
Re8 9.d3 Nc6 10.Nf3 Bg4 11.O-O Bf8 12.h3 Bh5 13.Ne4 f6 14.Nc5 Bxc5 15.Rxc5
Qd7 16.b4 Bf7 17.b5 Nd8 18.a4 a6 19.a5 Nc8 20.Qc1 Ne6 21.Nxe5 fxe5 22.Bxb7
Nxc5 23.Qxc5 Qd6 24.Rc1 Ra7 25.bxa6 Qxc5 26.Rxc5 Nd6 27.Rxc7 Nxb7 28.axb7 
Rxa5 29.f4 exf4 30.gxf4 Ra2 31.Be5 Rxe2 32.Rc8 Re1+ 33.Kf2 Rb1 34.Rxe8+ 
Bxe8 35.b8=Q Rxb8 36.Bxb8 1/2-1/2

[Event "26th Capablanca Memorial"]
[Site "Cienfuegos City CUB"]
[Date "1991.05.??"]
[Round "9"]
[White "Soppe, Guillermo"]
[Black "Arencibia Rodriguez, Walter"]
[Result "0-1"]
[WhiteElo "2425"]
[BlackElo "2560"]
[EventDate "1991.05.09"]
[PlyCount "188"]

1.d4 Nf6 2.c4 e6 3.Nc3 d5 4.Nf3 Nbd7 5.Bg5 Bb4 6.cxd5 exd5 7.e3 c5 8.Bd3 
Qa5 9.Qc2 c4 10.Bf5 O-O 11.O-O Re8 12.Nd2 g6 13.Bh3 Bxc3 14.bxc3 Ne4 15.
Nxe4 dxe4 16.Bh6 Nf6 17.Bxc8 Raxc8 18.Rab1 b6 19.a4 Nd5 20.Rbc1 Rc6 21.Bf4
Kg7 22.Be5+ f6 23.Bg3 Re7 24.Rfe1 a6 25.h3 b5 26.axb5 axb5 27.Qb2 b4 28.
cxb4 Qb5 29.Ra1 Qxb4 30.Qa2 Qb7 31.Reb1 Qd7 32.Qa5 Qe6 33.Rb5 Rd7 34.Rc5 
c3 35.Rc1 h5 36.h4 Rb6 37.R1xc3 Nxc3 38.Rxc3 Rb1+ 39.Kh2 Qg4 40.Rc7 Rb7 
41.Rc8 Qe6 42.Ra8 Rd5 43.Qa3 Qf7 44.Qc3 Qd7 45.Qa3 Qe7 46.Qa4 Rd8 47.Ra6 
Rc8 48.Qa2 Qf7 49.Qa5 Qc4 50.Rd6 Rf7 51.Qb6 Re8 52.Rc6 Qd5 53.Rd6 Qf5 54.
Qc6 Rc8 55.Qa6 Rg8 56.Qc6 Rc8 57.Qa6 Qg4 58.Rc6 Rxc6 59.Qxc6 Qf5 60.Qa8 
Rd7 61.Qe8 Qd5 62.Bf4 Qf5 63.Qc8 Qd5 64.Qe8 Qb7 65.Bg3 Re7 66.Qd8 Qd7 67.
Qa8 Re8 68.Qa5 Kh7 69.Qb6 Rf8 70.Qb4 Rf7 71.Qa5 Qe6 72.Qd8 Rd7 73.Qa5 Rg7 
74.Qd8 g5 75.hxg5 fxg5 76.Be5 Rg8 77.Qc7+ Kh6 78.Qb7 Qf5 79.Qc6+ Qg6 80.
Qc5 h4 81.Qc2 Rf8 82.Kg1 Qf5 83.Qe2 Ra8 84.Qb2 Qf7 85.Qb1 Ra2 86.Qxe4 
Qxf2+ 87.Kh2 Qf7 88.Qc6+ Kh5 89.Qc8 Re2 90.e4 Rxe4 91.Qh8+ Kg6 92.Qa8 Re1 
93.Qc6+ Kh5 94.Qc3 Qf1 0-1

[Event "26th Capablanca Memorial"]
[Site "Cienfuegos City CUB"]
[Date "1991.05.??"]
[Round "9"]
[White "Murshed, Niaz"]
[Black "Borges Matos, Juan"]
[Result "0-1"]
[WhiteElo "2510"]
[BlackElo "2385"]
[EventDate "1991.05.09"]
[PlyCount "68"]

1.d4 Nf6 2.c4 e6 3.Nc3 d5 4.cxd5 exd5 5.Bg5 c6 6.Qc2 Nbd7 7.e3 Bd6 8.Bd3 
Nf8 9.Nf3 Ng6 10.O-O-O h6 11.Bxg6 hxg5 12.Bd3 g4 13.Ng5 Rh5 14.f4 gxf3 15.
Nxf3 Qe7 16.Kb1 Be6 17.h3 O-O-O 18.g4 Rhh8 19.Qg2 g6 20.Rhf1 Ne4 21.Bxe4 
dxe4 22.Nd2 f5 23.Ka1 Qg5 24.Rde1 Rh4 25.Rg1 Rdh8 26.d5 Bxd5 27.Nxd5 cxd5 
28.Nb3 Rxh3 29.Qc2+ Kb8 30.Nd4 f4 31.exf4 Bxf4 32.Ne6 Qe5 33.Nc5 Qc7 34.
Rgf1 Bd6 0-1

[Event "26th Capablanca Memorial"]
[Site "Cienfuegos City CUB"]
[Date "1991.05.??"]
[Round "9"]
[White "Zapata Ramirez, Alonso"]
[Black "Antunes, Antonio"]
[Result "1-0"]
[WhiteElo "2510"]
[BlackElo "2460"]
[EventDate "1991.05.09"]
[PlyCount "57"]

1.e4 e5 2.Nf3 Nc6 3.Bb5 f5 4.Nc3 fxe4 5.Nxe4 Nf6 6.Qe2 d5 7.Nxf6+ gxf6 8.
d4 Bg7 9.dxe5 O-O 10.Bxc6 bxc6 11.e6 Qd6 12.O-O Qxe6 13.Qd3 Qf5 14.Qc3 Bd7
15.Be3 Qg6 16.Rfe1 Rf7 17.Bc5 Kh8 18.Rad1 Rg8 19.g3 Bg4 20.Bxa7 Qh5 21.Rd3
Bf8 22.Bd4 h6 23.Ne5 Re7 24.Nxg4 Rxe1+ 25.Qxe1 Qxg4 26.Qc3 h5 27.Qxc6 h4 
28.Bxf6+ Kh7 29.Rxd5 1-0

[Event "26th Capablanca Memorial"]
[Site "Cienfuegos City CUB"]
[Date "1991.05.??"]
[Round "9"]
[White "Nogueiras Santiago, Jesus"]
[Black "Rodriguez Cespedes, Amador"]
[Result "1-0"]
[WhiteElo "2535"]
[BlackElo "2500"]
[EventDate "1991.05.09"]
[PlyCount "41"]

1.e4 e5 2.Nf3 Nf6 3.d4 Nxe4 4.Bd3 d5 5.Nxe5 Nd7 6.Nxd7 Bxd7 7.O-O Qh4 8.c4
O-O-O 9.c5 Nf6 10.Nc3 g5 11.Qf3 Bg7 12.Bf5 Rhe8 13.Be3 h6 14.h3 Qh5 15.g4 
Qh4 16.Kg2 h5 17.Nxd5 Nxd5 18.Qxd5 hxg4 19.hxg4 Be5 20.Qxd7+ Rxd7 21.Rh1 
1-0

[Event "26th Capablanca Memorial"]
[Site "Cienfuegos City CUB"]
[Date "1991.05.??"]
[Round "10"]
[White "Rodriguez Cespedes, Amador"]
[Black "Romero Holmes, Alfonso"]
[Result "1/2-1/2"]
[WhiteElo "2500"]
[BlackElo "2485"]
[EventDate "1991.05.09"]
[PlyCount "60"]

1.e4 e6 2.d4 d5 3.Nd2 Nf6 4.e5 Nfd7 5.f4 c5 6.c3 Nc6 7.Ndf3 Qb6 8.g3 cxd4 
9.cxd4 Be7 10.Ne2 f6 11.Bh3 Ndb8 12.O-O Na6 13.Rf2 O-O 14.Nc3 Qd8 15.Be3 
Nc7 16.Rc1 Bd7 17.exf6 Bxf6 18.Ne5 Be7 19.a3 Be8 20.Rfc2 Kh8 21.Nxc6 Bxc6 
22.Qd2 Be8 23.Nd1 Bd6 24.Nf2 Bg6 25.Rc3 Bf5 26.Bxf5 exf5 27.Qc2 Qe7 28.Qb3
a6 29.a4 Rad8 30.Bd2 Ne8 1/2-1/2

[Event "26th Capablanca Memorial"]
[Site "Cienfuegos City CUB"]
[Date "1991.05.??"]
[Round "10"]
[White "Borges Matos, Juan"]
[Black "Zapata Ramirez, Alonso"]
[Result "0-1"]
[WhiteElo "2385"]
[BlackElo "2510"]
[EventDate "1991.05.09"]
[PlyCount "44"]

1.d4 g6 2.Nf3 Bg7 3.c4 d6 4.Nc3 Nd7 5.g3 e5 6.Bg2 Ngf6 7.O-O O-O 8.e4 c6 
9.h3 Qb6 10.Re1 exd4 11.Nxd4 Ng4 12.Nce2 Nge5 13.b3 Nc5 14.Be3 Re8 15.Qc2 
a5 16.a3 Qa6 17.f4 Ned7 18.Nc3 a4 19.b4 Nb3 20.Ndb5 Nxa1 21.Rxa1 d5 22.e5 
Nxe5 0-1

[Event "26th Capablanca Memorial"]
[Site "Cienfuegos City CUB"]
[Date "1991.05.??"]
[Round "10"]
[White "Arencibia Rodriguez, Walter"]
[Black "Antunes, Antonio"]
[Result "1/2-1/2"]
[WhiteElo "2560"]
[BlackElo "2460"]
[EventDate "1991.05.09"]
[PlyCount "37"]

1.e4 c5 2.Nf3 Nc6 3.d4 cxd4 4.Nxd4 g6 5.c4 Nf6 6.Nc3 d6 7.Be2 Nxd4 8.Qxd4 
Bg7 9.Bg5 O-O 10.Qe3 Qb6 11.Qxb6 axb6 12.Kd2 Be6 13.a4 Rfc8 14.b3 Ra5 15.
Bxf6 exf6 16.Bd3 f5 17.Rad1 Bxc3+ 18.Kxc3 fxe4 19.Bxe4 1/2-1/2

[Event "26th Capablanca Memorial"]
[Site "Cienfuegos City CUB"]
[Date "1991.05.??"]
[Round "10"]
[White "Soppe, Guillermo"]
[Black "Nogueiras Santiago, Jesus"]
[Result "1/2-1/2"]
[WhiteElo "2425"]
[BlackElo "2535"]
[EventDate "1991.05.09"]
[PlyCount "30"]

1.d4 d6 2.Nf3 g6 3.c4 Bg7 4.Nc3 Bg4 5.e3 Nc6 6.Be2 e5 7.h3 Bxf3 8.Bxf3 
exd4 9.Bxc6+ bxc6 10.exd4 Ne7 11.O-O O-O 12.Bg5 h6 13.Bxe7 Qxe7 14.Qa4 
Bxd4 15.Qxc6 Bxc3 1/2-1/2

[Event "26th Capablanca Memorial"]
[Site "Cienfuegos City CUB"]
[Date "1991.05.??"]
[Round "11"]
[White "Romero Holmes, Alfonso"]
[Black "Soppe, Guillermo"]
[Result "1-0"]
[WhiteElo "2460"]
[BlackElo "2420"]
[EventDate "1991.05.09"]
[PlyCount "105"]

1.d4 d5 2.c4 e6 3.Nf3 c6 4.Qc2 f5 5.b3 Nf6 6.g3 Bd6 7.Bg2 O-O 8.O-O Qe7 9.
Bb2 b6 10.Nbd2 Bb7 11.Ne5 Rc8 12.Rad1 Nbd7 13.Qb1 a5 14.a4 Rc7 15.e3 Rf8 
16.Ndf3 Ne4 17.Nxd7 Rxd7 18.Ne5 Bxe5 19.dxe5 Qb4 20.Qa2 Nc3 21.Bxc3 Qxc3 
22.Qa1 Qxa1 23.Rxa1 c5 24.Rfd1 Rfd8 25.Rd2 Kf7 26.Rad1 Ke7 27.Bf1 g5 28.f4
g4 29.cxd5 Rxd5 30.Rxd5 exd5 31.h3 h5 32.Bg2 Ke6 33.Kf2 Rh8 34.Rh1 Ba6 35.
hxg4 fxg4 36.e4 d4 37.Bf1 Bxf1 38.Kxf1 b5 39.axb5 a4 40.bxa4 c4 41.Ke2 Ra8
42.Ra1 h4 43.gxh4 Rh8 44.Rc1 d3+ 45.Kd2 g3 46.Rxc4 Rxh4 47.Rc6+ Kf7 48.Rc1
Rxf4 49.Kxd3 Rf3+ 50.Kc4 Re3 51.a5 Rxe4+ 52.Kd5 Ra4 53.a6 1-0

[Event "26th Capablanca Memorial"]
[Site "Cienfuegos City CUB"]
[Date "1991.05.??"]
[Round "11"]
[White "Antunes, Antonio"]
[Black "Borges Matos, Juan"]
[Result "0-1"]
[WhiteElo "2460"]
[BlackElo "2385"]
[EventDate "1991.05.09"]
[PlyCount "110"]

1.e4 e6 2.d3 d5 3.Nd2 c5 4.Ngf3 Nc6 5.g3 Nf6 6.Bg2 Be7 7.O-O O-O 8.Re1 b6 
9.e5 Nd7 10.Nf1 b5 11.h4 b4 12.N1h2 a5 13.Ng4 Nd4 14.Nxd4 cxd4 15.Bf4 Nc5 
16.Qd2 Ra6 17.Nh2 Na4 18.Rab1 Rc6 19.Nf3 Qb6 20.h5 Ba6 21.h6 Rfc8 22.Rbc1 
g6 23.Bg5 Bf8 24.Qf4 Nxb2 25.Qxd4 Na4 26.Qf4 Rxc2 27.Rxc2 Rxc2 28.Nd4 Rxa2
29.Bxd5 Rb2 30.Re3 Rxf2 31.Kxf2 Nb2 32.Ke2 Nxd3 33.Rxd3 exd5 34.e6 fxe6 
35.Qf6 b3 36.Nxe6 Bxd3+ 37.Kxd3 Qb5+ 38.Ke3 d4+ 39.Nxd4 Qc4 40.Ne6 Qc1+ 
41.Kd3 Qc2+ 42.Ke3 Qc1+ 43.Ke4 Qc4+ 44.Ke5 Qb5+ 45.Kd4 Qb4+ 46.Ke3 Qe1+ 
47.Kd3 Qxg3+ 48.Be3 Bxh6 49.Nf4 Bxf4 50.Qe6+ Kg7 51.Qe7+ Kh6 52.Qf8+ Kh5 
53.Qxf4 Qxf4 54.Bxf4 Kg4 55.Bd6 a4 0-1

[Event "26th Capablanca Memorial"]
[Site "Cienfuegos City CUB"]
[Date "1991.05.??"]
[Round "11"]
[White "Armas, Jorge"]
[Black "Neverov, Valeriy"]
[Result "0-1"]
[WhiteElo "2395"]
[BlackElo "2540"]
[EventDate "1991.05.09"]
[PlyCount "77"]

1.Nf3 Nf6 2.c4 g6 3.Nc3 d5 4.cxd5 Nxd5 5.Qa4+ Bd7 6.Qb3 Nb6 7.h4 h6 8.d4 
Bg7 9.e4 Bg4 10.Be3 Bxf3 11.gxf3 Bxd4 12.Rd1 e5 13.f4 N8d7 14.h5 Qe7 15.
hxg6 fxg6 16.Rxd4 exd4 17.Bxd4 Rf8 18.a4 O-O-O 19.a5 Nc5 20.Bxc5 Qxc5 21.
axb6 Rxf4 22.Qe6+ Kb8 23.bxc7+ Qxc7 24.Qxg6 Qd7 25.Be2 Qd2+ 26.Kf1 Rdf8 
27.Qg3 Ka8 28.Rh5 a6 29.Rf5 R8xf5 30.exf5 Rxf5 31.Qg8+ Ka7 32.Nd1 Qf4 33.
Qe6 Re5 34.Qd7 h5 35.Qd3 h4 36.Bf3 h3 37.Bh1 h2 38.Ne3 Rb5 39.Qc4 0-1

[Event "26th Capablanca Memorial"]
[Site "Cienfuegos City CUB"]
[Date "1991.05.??"]
[Round "11"]
[White "Nogueiras Santiago, Jesus"]
[Black "Arencibia Rodriguez, Walter"]
[Result "1-0"]
[WhiteElo "2535"]
[BlackElo "2560"]
[EventDate "1991.05.09"]
[PlyCount "80"]

1.c4 e6 2.g3 d5 3.Bg2 g6 4.Nf3 Bg7 5.O-O Ne7 6.d4 O-O 7.Nbd2 Nbc6 8.e3 b6 
9.Rb1 a5 10.b3 Ba6 11.Bb2 Rc8 12.Ba1 b5 13.cxd5 exd5 14.Bh3 Ra8 15.Rc1 Nb4
16.a3 Nd3 17.Rc2 Qd6 18.Qb1 b4 19.a4 f5 20.Rd1 g5 21.Nxg5 Nxf2 22.Kxf2 Bd3
23.Ngf3 Rae8 24.Rc6 Bxb1 25.Rxd6 Bc2 26.Rc1 cxd6 27.Rxc2 Rc8 28.Rxc8 Rxc8 
29.Ne1 Kf7 30.Ke2 Bh6 31.Ng2 Re8 32.g4 Kf6 33.Nf3 Ng6 34.Kd3 Rc8 35.Nge1 
Ne7 36.Ng1 Ng6 37.Ne2 Bg5 38.Bg2 Ne7 39.Nf3 h5 40.h4 Bh6 1-0

[Event "26th Capablanca Memorial"]
[Site "Cienfuegos City CUB"]
[Date "1991.05.??"]
[Round "11"]
[White "Zapata Ramirez, Alonso"]
[Black "Hernandez, Gilberto"]
[Result "1-0"]
[WhiteElo "2510"]
[BlackElo "2525"]
[EventDate "1991.05.09"]
[PlyCount "101"]

1.e4 c5 2.Nf3 Nc6 3.d4 cxd4 4.Nxd4 e5 5.Nb5 d6 6.c4 Be7 7.N1c3 a6 8.Na3 
Be6 9.Be2 Bg5 10.O-O Bxc1 11.Rxc1 Nge7 12.Nc2 O-O 13.Qd2 Qd7 14.Rfd1 Rad8 
15.b4 f5 16.b5 Nb8 17.Ne3 f4 18.Ned5 Ng6 19.f3 Nh4 20.Bf1 Kh8 21.c5 dxc5 
22.Qf2 g5 23.Nxf4 Qf7 24.Nxe6 Qxe6 25.Qxc5 axb5 26.Bxb5 Nc6 27.Bxc6 bxc6 
28.Ne2 Kg8 29.Qe3 h6 30.Rxd8 Rxd8 31.g3 Ng6 32.Qb3 Qxb3 33.axb3 Rd6 34.Kf2
Kf7 35.Ke3 Ke7 36.Rc5 Rf6 37.Nc1 Kd6 38.Nd3 Rf7 39.Ra5 Rb7 40.b4 Rb8 41.
Ra7 Nf8 42.Rg7 Ke6 43.Kd2 Ra8 44.Nc5+ Kf6 45.Rc7 Ra2+ 46.Kd3 Rxh2 47.Rxc6+
Ke7 48.b5 Rb2 49.b6 h5 50.Kc3 Rb5 51.b7 1-0

[Event "26th Capablanca Memorial"]
[Site "Cienfuegos City CUB"]
[Date "1991.05.??"]
[Round "11"]
[White "Murshed, Niaz"]
[Black "Sariego Figueredo, Wilfredo"]
[Result "1-0"]
[WhiteElo "2510"]
[BlackElo "2420"]
[EventDate "1991.05.09"]
[PlyCount "73"]

1.d4 c5 2.d5 g6 3.Nc3 Bg7 4.e4 d6 5.Nf3 Nf6 6.Bb5+ Nfd7 7.a4 O-O 8.O-O Na6
9.Bf4 Nc7 10.h3 a6 11.Bc4 Rb8 12.a5 b5 13.axb6 Rxb6 14.Na4 Rb4 15.Qe2 Nb6 
16.Nxb6 Rxb6 17.c3 Bd7 18.Rfd1 Qe8 19.e5 Bb5 20.Rd2 Bxc4 21.Qxc4 Qb8 22.
Re1 Rd8 23.Ree2 e6 24.exd6 Nxd5 25.Ng5 Nxf4 26.Qxf4 Rd7 27.Ne4 Rc6 28.h4 
c4 29.h5 Qf8 30.h6 Bh8 31.Re1 f5 32.Ng5 Rdxd6 33.Rxd6 Qxd6 34.Rxe6 Qd1+ 
35.Kh2 Qh5+ 36.Kg3 Rc8 37.Re8+ 1-0

[Event "26th Capablanca Memorial"]
[Site "Cienfuegos City CUB"]
[Date "1991.05.??"]
[Round "12"]
[White "Rodriguez Cespedes, Amador"]
[Black "Armas, Jorge"]
[Result "1-0"]
[WhiteElo "2530"]
[BlackElo "2400"]
[EventDate "1991.05.09"]
[PlyCount "71"]

1.e4 e5 2.Nf3 Nc6 3.Bb5 Nf6 4.O-O Bc5 5.Nxe5 Nxe5 6.d4 a6 7.Be2 Be7 8.dxe5
Nxe4 9.Qd5 Nc5 10.Bf4 Ne6 11.Bg3 f5 12.Bc4 O-O 13.Qd2 Kh8 14.f3 Bc5+ 15.
Kh1 f4 16.Bf2 Bxf2 17.Rxf2 b5 18.Bd5 Rb8 19.Nc3 Rb6 20.a4 b4 21.Ne4 Qe7 
22.Re2 a5 23.Rd1 Rf5 24.Nf2 Nc5 25.Nh3 Qf8 26.b3 Ba6 27.Ree1 Rh6 28.Qd4 
Bc8 29.Bc4 Bb7 30.e6 dxe6 31.Qd8 Rhf6 32.Qxc7 Rf7 33.Qb6 Re7 34.Rd8 Re8 
35.Rxe8 Qxe8 36.Rd1 1-0

[Event "26th Capablanca Memorial"]
[Site "Cienfuegos City CUB"]
[Date "1991.05.??"]
[Round "12"]
[White "Hernandez, Gilberto"]
[Black "Antunes, Antonio"]
[Result "1-0"]
[WhiteElo "2525"]
[BlackElo "2470"]
[EventDate "1991.05.09"]
[PlyCount "53"]

1.e4 e5 2.Nf3 Nc6 3.Bb5 f5 4.Nc3 fxe4 5.Nxe4 Nf6 6.Qe2 d5 7.Nxf6+ gxf6 8.
d4 Bg7 9.dxe5 O-O 10.Bxc6 bxc6 11.e6 Re8 12.O-O c5 13.Qb5 Bf8 14.Bf4 Bxe6 
15.b3 Bd6 16.Bg3 Qd7 17.Qd3 a5 18.a4 d4 19.Nh4 Bf8 20.Rfe1 c4 21.bxc4 c5 
22.Qf3 Bg7 23.h3 Bxc4 24.Nf5 Bf8 25.Re7 Qd5 26.Qg4+ Kh8 27.Bh4 1-0

[Event "26th Capablanca Memorial"]
[Site "Cienfuegos City CUB"]
[Date "1991.05.??"]
[Round "12"]
[White "Sariego Figueredo, Wilfredo"]
[Black "Zapata Ramirez, Alonso"]
[Result "0-1"]
[WhiteElo "2420"]
[BlackElo "2530"]
[EventDate "1991.05.09"]
[PlyCount "53"]

1.e4 g6 2.d4 Bg7 3.Nc3 c6 4.Bc4 d6 5.Qf3 e6 6.Bf4 b5 7.Bb3 b4 8.Nce2 Nf6 
9.e5 dxe5 10.dxe5 Nd5 11.h4 Nd7 12.Bxd5 cxd5 13.Qe3 Qc7 14.Nd4 Bxe5 15.Nb5
Qb8 16.Bxe5 Nxe5 17.Qc5 Kd7 18.f4 Ng4 19.Rh3 Ba6 20.a4 Rc8 21.Qxb4 Qb6 22.
O-O-O Bxb5 23.f5 gxf5 24.axb5 Nf2 25.Rg3 Nxd1 26.Rg7 Qe3+ 27.Kb1 0-1

[Event "26th Capablanca Memorial"]
[Site "Cienfuegos City CUB"]
[Date "1991.05.??"]
[Round "12"]
[White "Nogueiras Santiago, Jesus"]
[Black "Romero Holmes, Alfonso"]
[Result "1-0"]
[WhiteElo "2540"]
[BlackElo "2460"]
[EventDate "1991.05.09"]
[PlyCount "41"]

1.d4 Nf6 2.Nf3 g6 3.g3 Bg7 4.Bg2 O-O 5.O-O d6 6.Nbd2 c5 7.dxc5 dxc5 8.Nc4 
Nd5 9.Ng5 e6 10.Ne4 Qe7 11.c3 Nc6 12.Qb3 Rb8 13.Qb5 f5 14.Bg5 Qc7 15.Nxc5 
a6 16.Qb3 b5 17.Bxd5 bxc4 18.Nxe6 Qd6 19.Qxc4 Ne5 20.Qc7 Qxc7 21.Nxc7+ 1-0

[Event "26th Capablanca Memorial"]
[Site "Cienfuegos City CUB"]
[Date "1991.05.??"]
[Round "13"]
[White "Armas, Jorge"]
[Black "Soppe, Guillermo"]
[Result "1/2-1/2"]
[WhiteElo "2395"]
[BlackElo "2425"]
[EventDate "1991.05.09"]
[PlyCount "20"]

1.Nf3 Nf6 2.g3 g6 3.Bg2 Bg7 4.O-O O-O 5.c4 d6 6.d4 Nc6 7.Nc3 a6 8.b3 Rb8 
9.a4 e5 10.dxe5 Nxe5 1/2-1/2

[Event "26th Capablanca Memorial"]
[Site "Cienfuegos City CUB"]
[Date "1991.05.??"]
[Round "13"]
[White "Borges Matos, Juan"]
[Black "Hernandez, Gilberto"]
[Result "1/2-1/2"]
[WhiteElo "2385"]
[BlackElo "2525"]
[EventDate "1991.05.09"]
[PlyCount "69"]

1.d4 Nf6 2.c4 g6 3.Nc3 Bg7 4.g3 O-O 5.Bg2 d6 6.e4 e5 7.Nge2 Nc6 8.d5 Ne7 
9.O-O Nd7 10.Be3 f5 11.Qd2 Nf6 12.f3 fxe4 13.Nxe4 Nf5 14.Bg5 Bd7 15.g4 Nd4
16.Nxd4 exd4 17.Nxf6+ Bxf6 18.Bxf6 Qxf6 19.Rad1 Rae8 20.Rf2 c5 21.dxc6 
Bxc6 22.h3 Re3 23.Qxd4 Re1+ 24.Kh2 Rxd1 25.Qxd1 Qf4+ 26.Kg1 Qxc4 27.Qxd6 
Qxa2 28.f4 Bxg2 29.Kxg2 Qc4 30.Kg3 Qe4 31.Qa3 a6 32.Qb3+ Kg7 33.Qc3+ Kg8 
34.Qb3+ Kg7 35.Qc3+ 1/2-1/2